00562nam a2200133 a 4500008004100000050001400041245007900055260002300134300002200157350000900179995009300188999001700281952013000298080109s1967 ||||||||||||||||| || u aQA 76 Sci00aComputing systems fundamentals techniques: a programmed instruction course aChicagobSRAc1967 a[vi], 218p. : ill a0.00 D0.00FCBU-MAIN LIBRARY (Kitwe)H1I2.48M1UDAMAGEDZMain Library Open Access Collection c38319d38319 00102lcc4070a001b001cMain Library Open Access Collectiond2022-11-30l0oQA 76 Scip010869r2022-11-30w2022-11-30y002